00698nam a2200181 a 450000500170000000800410001704000250005804100080008304400070009110000340009824501900013226000700032230000150039252000590040765000240046665000100049065000160050020200104041551.0140317b2004 ck |||||rm||| 00| 0 spa d aCO-BoIAVHcCO-BoIAVH aspa ack1 aLópez Torres, Francia Paola10aDiagnóstico del estado de conservación de Espeletia paipana S. Díaz AND Pedraza y E. jaramilloi S. Díaz (Asteraceae), especies endémicas del departamento de Boyacá, Colombia aTunjabUniversidad Pedagógica y Tecnológica de Colombiac2004 a75 Paginas aInformación sobre ecologia de frailejon en Boyacá.14aEspecies amenazadas14aFlora14aFrailejones